| 000 | 02049pam a2200553 cc4500 | ||
|---|---|---|---|
| 001 | 1079406581 | ||
| 003 | DE-101 | ||
| 005 | 20251125145519.0 | ||
| 007 | tu | ||
| 008 | 151127s2016 gw ||||| |||| 00||||ger | ||
| 015 |
_a16,A26 _z15,N49 _2dnb |
||
| 016 | 7 |
_2DE-101 _a1079406581 |
|
| 020 |
_a9783551799333 _cBroschur : EUR 7.20 (AT), sfr 10.50 (freier Pr.), EUR 6.95 (DE) |
||
| 020 | _a3551799334 | ||
| 024 | 3 | _a9783551799333 | |
| 035 | _a(DE-599)DNB1079406581 | ||
| 035 | _a(OCoLC)932032740 | ||
| 040 |
_a1245 _bger _cDE-101 _d9999 _erda |
||
| 041 |
_ager _hjpn |
||
| 044 | _cXA-DE | ||
| 082 | 7 | 4 |
_a741.5 _qDE-101 _223sdnb |
| 100 | 1 |
_0(DE-588)1063396298 _0https://d-nb.info/gnd/1063396298 _0(DE-101)1063396298 _aIsayama, Hajime _d1986- _eVerfasser _4aut _2gnd |
|
| 245 | 1 | 0 |
_aAttack on Titan _n13 _cHajime Isayama ; aus dem Japanischen von Claudia Peter |
| 250 | _a1. Aufl. | ||
| 264 | 3 | 1 |
_aHamburg _bCarlsen Manga! _c2016 |
| 300 | _acirca 192 Seiten | ||
| 336 |
_aText _btxt _2rdacontent |
||
| 336 |
_aunbewegtes Bild _bsti _2rdacontent |
||
| 337 |
_aohne Hilfsmittel zu benutzen _bn _2rdamedia |
||
| 338 |
_aBand _bnc _2rdacarrier |
||
| 653 | _a(Produktform)Paperback / softback | ||
| 653 | _a(Zielgruppe)ab 16 Jahre | ||
| 653 | _a(BISAC Subject Heading)CGN004050 | ||
| 653 | _aDystopie | ||
| 653 | _aEren | ||
| 653 | _aHajime Isayama | ||
| 653 | _aJapanische Leserichtung | ||
| 653 | _aLevi | ||
| 653 | _aMikasa | ||
| 653 | _aTitanen | ||
| 653 | _ashingeki no kyojin | ||
| 653 | _a(VLB-WN)1182: Hardcover, Softcover / Belletristik/Comic, Cartoon, Humor, Satire/Manga, Manhwa | ||
| 655 | 7 |
_0(DE-588)4010427-8 _0https://d-nb.info/gnd/4010427-8 _0(DE-101)040104273 _aComic _2gnd-content |
|
| 773 | 0 | 8 |
_q213 _w(DE-101)1049428676 |
| 856 | 4 | 2 |
_mX:MVB _qtext/html _uhttp://deposit.dnb.de/cgi-bin/dokserv?id=7093379a6de643c091b7842622d2ef2d&prov=M&dok_var=1&dok_ext=htm _3Inhaltstext |
| 856 | 4 | 2 |
_mB:DE-101 _qapplication/pdf _uhttps://d-nb.info/1079406581/04 _3Inhaltsverzeichnis |
| 942 |
_2ddc _cMGA _n0 |
||
| 999 |
_c1420 _d1420 |
||